Geography Quiz

Random Geography or State Quiz
Score 0/12 Timer 05:00
3 Plays Today
Question Answer Wrong Answers
Maryland Maryland
67.9%
California (wrong capital)
4.8%
Mississippi (wrong capital)
6.5%
West Virginia (wrong flag)
14%
Iowa Iowa
67.3%
Virginia (wrong capital)
4.2%
Nebraska (wrong outline)
5.9%
Wisconsin (wrong outline)
16%
Idaho Idaho
65.9%
Texas (wrong flag)
10.7%
Kansas (wrong outline)
12.9%
Oregon (wrong outline)
4%
Hawaii Hawaii
64.2%
South Dakota (wrong capital)
5.2%
Georgia (wrong flag)
15.1%
Illinois (wrong outline)
9.2%
Arizona Arizona
63.7%
Washington (wrong capital)
3.5%
North Dakota (wrong flag)
17.4%
Indiana (wrong outline)
9.1%
Louisiana Louisiana
63%
Alabama (wrong capital)
6.8%
Alaska (wrong flag)
18.2%
North Carolina (Oregon-map)
5.5%
Florida Florida
62.1%
Maine (wrong capital)
3%
Massachusetts (wrong flag)
24.8%
Tennessee (wrong outline)
3.7%
New York New York
61.2%
Missouri (wrong flag)
16.3%
Nevada (wrong flag)
8.1%
Arkansas (wrong outline)
8.1%
Wyoming Wyoming
60.6%
Michigan (wrong capital)
4.9%
Colorado (wrong flag)
13.1%
Delaware (wrong outline)
14.9%
Kentucky Kentucky
57.1%
Montana (wrong capital)
5.4%
New Jersey (wrong flag)
23.2%
Oklahoma (wrong outline)
7.6%
Connecticut Connecticut
54.8%
Rhode Island (wrong capital)
5.7%
South Carolina (wrong flag)
12.2%
New Hampshire (wrong outline)
20.7%
Pennsylvania Pennsylvania
51%
New Mexico (wrong capital)
4%
Utah (wrong capital)
3.3%
Vermont (wrong flag)
35.3%
Remove Ads.
Support Sporcle.
Get the best of Sporcle when you Go Orange. This ad-free experience offers more features, more stats, and more fun while also helping to support Sporcle. Thank you for becoming a member.

You're not logged in!

Compare scores with friends on all Sporcle quizzes.
OR
Log In

Show Comments

Extras

Top Quizzes Today


Score Distribution

Your Account Isn't Verified!

In order to create a playlist on Sporcle, you need to verify the email address you used during registration. Go to your Sporcle Settings to finish the process.

Report this User

Report this user for behavior that violates our Community Guidelines.

Details: